000 00651cam a22002172 4500
001 0000020276
005 20151217152211.0
008 110907s xx 000 0 eng d
020 _a0340816228 :
040 _aKABU
_cKABU
245 1 0 _aEssential malariology /
_cedited by David A. Warrell, Herbert M. Gilles.
250 _a4th ed.
260 _aLondon :
_bArnold,
_c2002.
300 _ax, 348 p.
650 0 _aMalaria.
_@0000166483
650 0 _aMalaria
_xPrevention and control.
_@0000180397
700 1 _aGilles, Herbert M.
_@0000178361
852 1 _9p1500 KES
908 _a110907
950 _@1
999 _c9251
_d9251